The Management of Equity Investments

Бібліографічні деталі
Автор: Dimitris N. Chorafas
Формат: Електронний ресурс eКнига
Мова:English
Опубліковано: ELSEVIER, 2005
Предмети:
Онлайн доступ:Full text available on ScienceDirect
Off-campus access
LEADER 01102pam a2200253 a 4500
001 AALebookScienceDirectFIN000349
003 BD-DhAAL
006 m||||||||d||||||||
007 cr||||||||||||
008 221127s9999 xxuabf fo j 001 0 eng d
020 |a 9780750664561 
040 |a BD-DhAAL  |c BD-DhAAL 
100 1 |a Dimitris N. Chorafas 
245 1 0 |h [electronic resource]  |a The Management of Equity Investments 
260 |b ELSEVIER,  |c 2005 
300 |a 1 online resource 
500 |a <strong>On-Campus Access:</strong> No User ID or Password Required 
500 |a <strong>Off-Campus Access:</strong> Athens ID and Password Required 
506 |a Electronic access restricted to authorized BRAC University faculty, staff and students 
538 |a Mode of access: Internet 
650 4 |a Finance 
655 7 |a Electronic books  |2 Library of Congress 
856 4 0 |z Full text available on ScienceDirect  |u https://www.sciencedirect.com/science/book/9780750664561 
856 4 0 |z Off-campus access  |u https://go.openathens.net/redirector/bracu.ac.bd?url=https%3A%2F%2Fwww.sciencedirect.com%2Fscience%2Fbook%2F9780750664561